000 01146nkm a2200265 i 4500
001 4218
003 ES-MaACL
005 20250713062949.0
007 khrbo
008 070703s1988 sp --- g |001||spa d
100 0 _aAlfonso,
_d1902-1990
_919858
245 1 0 _aLectura de una selección de la obra poética de Antonio Abad [
_hFotografía] /
_cAlfonso (sello).
260 _a[S.l. :
_bs.n.],
_c1988.
300 _a2 fot. :
_bb. y n. ;
_c12 x 18 cm.
500 _aDatos basados en invitación.
511 0 _aInterviene: Antonio Abad; presenta: Emilio Miró.
518 _aActo organizado por la Sección de Literatura del Ateneo de Madrid, celebrado en la sala de conferencias el lunes, 15 de febrero de 1988, a las 20:00 h.
600 1 4 _aAbad, Antonio,
_d1949-
_917896
600 0 4 _aMiró, Emilio,
_d1940-
_981600
610 2 4 _aAteneo de Madrid-
_xActos culturales-
_y1988-
_vFotografías.
_91903
710 2 _aAteneo de Madrid.
_bSección de Literatura.
_91997
852 _aES-MaACL
_jFOT 32/1988
856 4 _uhttp://www.ateneodemadrid.net/biblioteca_digital/imagenes/1988/0032-1988.jpg
_zVer imagen
999 _c4218
_d4218